000 01754 a2200253 4500
003 Nust
005 20170207153619.0
010 _a 2010483357
020 _a0198060661
020 _a0918060661
040 _cNust
082 _a621.382
100 1 _aDalal, Upena.
245 1 0 _aWireless communication /
_cUpena Dalal.
260 _aNew Delhi :
_bOxford University Press,
_c2009.
300 _axvi, 772 p. :
_bill. ;
_c25 cm.
490 0 _aOxford higher education
505 _aPresent Scenario in Wireless Communication (Page-1) Fundamentals of Wireless Digital Communication (Page-19) Source Coding Techniques (Page-78) Channel Coding Techniques (Page-144) Radio Propagation over Wireless Channel (Page-197)Channel Models Diversity Equalization and Channel Estimation Techniques (Page-260) Signal Carrier Digital Modulation Techniques (Page-293) Wideband Modulation Techniques (Page-322) Wideband Modulation Techniques (Page-365) Multiplexing and Multiple user Access Techniques (Page-419) Infrastructure to Develop Mobile Communication Systems Cellular Theory (Page-448) Wireless Communication Systems and Standards (Page-485)Wireless Communication Systems and Standards (Page-510) Wireless Communication Systems and Standards 3(Page-591)MIMO Systems (Page-636) Simulation of Communication Systems and Software –Defined Radio(Page-673)
538 _aAlmirah No.39and Shelf No.4
650 0 _aWireless communication systems.
856 4 2 _3Contributor biographical information
_uhttp://www.loc.gov/catdir/enhancements/fy1012/2010483357-b.html
856 4 2 _3Publisher description
_uhttp://www.loc.gov/catdir/enhancements/fy1012/2010483357-d.html
856 4 2 _3Table of contents only
_uhttp://www.loc.gov/catdir/enhancements/fy1012/2010483357-t.html
942 _2ddc
_cBK
999 _c189450
_d189450